000 00852cam a2200193ua 4500
020 _a0 7923 1617 7
041 _aeng
_h
082 _a631.8
_bKAR/PR
100 _aKarssen, C M .
110 1 _aKarssen .
_b
_c()
245 _aProgress in plant growth regulation proceedings of the fourteenth international conference on plant growth substances, Amsterdam /
_cC M Karssen.
_hTextual Documents
260 _aLondon :
_bKluwer Academic Publishers ,
_c1991.
300 _a965 ; .
504 _a
700 1 _aVanloon, L C .
700 1 _aVreugdennil, .
942 _cBK
999 _c5844
_d5844